| 000 | 00417pam a2200181a 44500 | ||
|---|---|---|---|
| 008 | 230405s2002 xxu||||| |||| 00| 0 eng d | ||
| 041 | _aENG | ||
| 100 | _aDavid Cyaganski | ||
| 245 | _aInformation Technoloty Inside and Outside | ||
| 250 | _a1 | ||
| 260 |
_a _bPerson _c2002 |
||
| 300 | _a338P, 24cms | ||
| 440 | _a275 | ||
| 690 | _aMCA | ||
| 700 | _aRichard F. Vaz | ||
| 700 | _aJohn A. Orr | ||
| 906 | _a5599 | ||
| 999 |
_c258458 _d258458 |
||